Statistics for Things by picture

Click here to take the quiz!

General Stats

  • This quiz has been taken 27 times
  • The average score is 13 of 15

Answer Stats

Answer% Correct
Camera
95%
cat
95%
Dandelion
95%
Glasses
95%
Headphones
95%
mouse
95%
Piano
95%
Scissors
95%
Tennis Ball
90%
Bicycle
85%
Coffee
85%
Soccer Ball
85%
House
80%
Pencil Sharpener
80%
Pencil Crayons
10%

Score Distribution

Percentile by Number Answered

Percent of People with Each Score

Your Score History

You have not taken this quiz